000 00563cam a22001935a 4500
001 L154870
008 120124s1970 xxk f 000 0 eng d
035 _a(Sirsi) u154870
041 0 _aeng
050 0 4 _a692.5 $2 18
110 2 _aInstitute of Quantity Surveyors
_92491
245 0 0 _aOperational bills
_ba critical appreciation of
260 _aLondon
_bIQS
_c1970
300 _a[4]p.
_c30cm.
520 _aReprinted from The Quantity Surveyor, 1965, Vol. 21, pp. 117-120.
651 4 _aUnited Kingdom
_y
690 _aQuantity surveying
_96263
942 _n0
999 _c113210
_d113210